Chloroprene Rubber (CR)-General purpose types- Evaluation procedure. (Record no. 73560)

MARC details
000 -LEADER
fixed length control field 00344nam a2200121Ia 4500
245 #0 - TITLE STATEMENT
Title Chloroprene Rubber (CR)-General purpose types- Evaluation procedure.
260 ## - PUBLICATION, DISTRIBUTION, ETC. (IMPRINT)
Year of publication 2002
500 ## - GENERAL NOTE
General note Standard number: IS 15076 ISO 2475; 1999
650 ## - SUBJECT ADDED ENTRY--TOPICAL TERM
Topical Term Chloroprene rubber
650 ## - SUBJECT ADDED ENTRY--TOPICAL TERM
Topical Term CR
942 ## - ADDED ENTRY ELEMENTS (KOHA)
Koha item type Standards
Holdings
Withdrawn status Lost status Damaged status Not for loan Collection code Home library Current library Date acquired Koha item type
      Standards Indian standards RRII Library RRII Library 31/12/2021 Standards